<?xml version="1.0" encoding="UTF-8"?>
<record
    xmlns:xsi="http://www.w3.org/2001/XMLSchema-instance"
    xsi:schemaLocation="http://www.loc.gov/MARC21/slim http://www.loc.gov/standards/marcxml/schema/MARC21slim.xsd"
    xmlns="http://www.loc.gov/MARC21/slim">

  <leader>01938nam a2200385   4500</leader>
  <controlfield tag="003">OSt</controlfield>
  <controlfield tag="005">20250214091815.0</controlfield>
  <controlfield tag="007">cr ||||||a|c|a</controlfield>
  <controlfield tag="008">240430s2023    mx  |||fom||| 001 0 spa d</controlfield>
  <datafield tag="040" ind1=" " ind2=" ">
    <subfield code="e">rda</subfield>
  </datafield>
  <datafield tag="100" ind1="1" ind2=" ">
    <subfield code="9">189047</subfield>
    <subfield code="a">Monreal Renter&#xED;a, Mar&#xED;a del Carmen</subfield>
  </datafield>
  <datafield tag="245" ind1="1" ind2="0">
    <subfield code="a">Impacto de la productividad, los precios y la producci&#xF3;n campesina y empresarial en la econom&#xED;a lechera- bovina de Zacatecas / </subfield>
    <subfield code="c">por Mar&#xED;a del Carmen Monreal Renter&#xED;a; direcci&#xF3;n Jos&#xE9; Luis R&#xED;os Flores; codirectora Nidia Susana Sifuentes Rodr&#xED;guez; secretario Ignacio Caamal Cahuich; vocal Felipe Jer&#xF3;nimo Asencio; suplente Sigifredo Armend&#xE1;riz Erives; suplente Nidia Susana Sifuentes Rodr&#xED;guez</subfield>
  </datafield>
  <datafield tag="264" ind1=" " ind2="1">
    <subfield code="a">Chapingo, M&#xE9;xico :</subfield>
    <subfield code="b">El autor,</subfield>
    <subfield code="c">2023</subfield>
  </datafield>
  <datafield tag="300" ind1=" " ind2=" ">
    <subfield code="a">1 recurso en l&#xED;nea (67 p&#xE1;ginas).</subfield>
  </datafield>
  <datafield tag="336" ind1=" " ind2=" ">
    <subfield code="2">rdacontent</subfield>
    <subfield code="a">texto</subfield>
    <subfield code="b">txt</subfield>
  </datafield>
  <datafield tag="337" ind1=" " ind2=" ">
    <subfield code="2">rdamedia</subfield>
    <subfield code="a">computadora</subfield>
    <subfield code="b">c</subfield>
  </datafield>
  <datafield tag="338" ind1=" " ind2=" ">
    <subfield code="2">rdacarrier</subfield>
    <subfield code="a">recurso en l&#xED;nea</subfield>
    <subfield code="b">cr</subfield>
  </datafield>
  <datafield tag="502" ind1=" " ind2=" ">
    <subfield code="b">LAHP</subfield>
    <subfield code="c">Fitotecnia</subfield>
    <subfield code="d">2023.</subfield>
    <subfield code="g">LIC</subfield>
  </datafield>
  <datafield tag="504" ind1=" " ind2=" ">
    <subfield code="a">Incluye referencias bibliogr&#xE1;ficas: p&#xE1;ginas</subfield>
  </datafield>
  <datafield tag="505" ind1=" " ind2=" ">
    <subfield code="a">incluye &#xED;ndice, &#xED;ndice de cuadros, &#xED;ndice de figuras</subfield>
  </datafield>
  <datafield tag="650" ind1=" " ind2="4">
    <subfield code="9">140754</subfield>
    <subfield code="a">Ganado bovino</subfield>
    <subfield code="x">Producci&#xF3;n</subfield>
  </datafield>
  <datafield tag="650" ind1=" " ind2="4">
    <subfield code="9">65400</subfield>
    <subfield code="a">Leche</subfield>
    <subfield code="x">Producci&#xF3;n</subfield>
  </datafield>
  <datafield tag="650" ind1=" " ind2="4">
    <subfield code="9">132393</subfield>
    <subfield code="a">Industria lechera</subfield>
    <subfield code="x">Aspectos econ&#xF3;micos</subfield>
  </datafield>
  <datafield tag="650" ind1=" " ind2="4">
    <subfield code="9">138960</subfield>
    <subfield code="a">Ganado bovino</subfield>
    <subfield code="x">Aspectos econ&#xF3;micos  </subfield>
  </datafield>
  <datafield tag="650" ind1=" " ind2="4">
    <subfield code="9">65400</subfield>
    <subfield code="a">Leche</subfield>
    <subfield code="x">Producci&#xF3;n</subfield>
  </datafield>
  <datafield tag="650" ind1=" " ind2="4">
    <subfield code="9">144521</subfield>
    <subfield code="a">Hato lechero</subfield>
  </datafield>
  <datafield tag="700" ind1="1" ind2=" ">
    <subfield code="9">99197</subfield>
    <subfield code="a">R&#xED;os Flores, Jos&#xE9; Luis</subfield>
    <subfield code="e">Director</subfield>
  </datafield>
  <datafield tag="700" ind1="1" ind2=" ">
    <subfield code="9">189050</subfield>
    <subfield code="a">Sifuentes Rodr&#xED;guez, Nidia Susana</subfield>
    <subfield code="e">Codirectora</subfield>
  </datafield>
  <datafield tag="700" ind1="1" ind2=" ">
    <subfield code="a">Caamal Cauich, Ignacio</subfield>
    <subfield code="e">Secretario</subfield>
    <subfield code="9">16527</subfield>
  </datafield>
  <datafield tag="700" ind1="1" ind2=" ">
    <subfield code="9">189049</subfield>
    <subfield code="a">Jer&#xF3;nimo Asencio, Felipe</subfield>
    <subfield code="e">Vocal</subfield>
  </datafield>
  <datafield tag="700" ind1="1" ind2=" ">
    <subfield code="9">7168</subfield>
    <subfield code="a">Armendariz Erives, Sigifredo</subfield>
    <subfield code="e">Suplente</subfield>
  </datafield>
  <datafield tag="700" ind1="1" ind2=" ">
    <subfield code="9">189050</subfield>
    <subfield code="a">Sifuentes Rodr&#xED;guez, Nidia Susana</subfield>
    <subfield code="e">Suplente</subfield>
  </datafield>
  <datafield tag="856" ind1=" " ind2=" ">
    <subfield code="u">http://10.13.5.2/tesis/tl/1411659-4_MONREAL_RENTERIA_MARIADELCARMEN.pdf</subfield>
    <subfield code="z">DESCARGAR PDF</subfield>
  </datafield>
  <datafield tag="942" ind1=" " ind2=" ">
    <subfield code="2">Clasificaci&#xF3;n Universidad Aut&#xF3;noma Chapingo</subfield>
    <subfield code="c">TD</subfield>
  </datafield>
  <datafield tag="999" ind1=" " ind2=" ">
    <subfield code="c">219897</subfield>
    <subfield code="d">219897</subfield>
  </datafield>
  <datafield tag="952" ind1=" " ind2=" ">
    <subfield code="0">0</subfield>
    <subfield code="1">0</subfield>
    <subfield code="2">local</subfield>
    <subfield code="4">0</subfield>
    <subfield code="5">1</subfield>
    <subfield code="7">0</subfield>
    <subfield code="8">TesDigL</subfield>
    <subfield code="a">BD</subfield>
    <subfield code="b">BD</subfield>
    <subfield code="c">E_L</subfield>
    <subfield code="d">2024-04-30</subfield>
    <subfield code="l">0</subfield>
    <subfield code="o">Tesis digital</subfield>
    <subfield code="r">2024-04-30 00:00:00</subfield>
    <subfield code="w">2024-04-30</subfield>
    <subfield code="y">TD</subfield>
  </datafield>
</record>
